000 00700nas a2200241 454500
001 IICA0600453
003 BR-BrBNA
005 20260323111526.0
007 ta
008 260323b bl.|||p| |||| 00| 00por d
040 _aBR-BrBNA
_bpor
_cBiblioteca Nacional de Agricultura
041 _a(Es)
072 _aH20
100 1 _aMoreno, J.D.
245 1 _aObservaciones sobre la incidencia de monilia del cacao en Ecuador
300 _av. 7 (4) p. 95-99
650 _aCACAU
650 _aTHEOBROMA CACAO
650 _aMONILIA RORERI
773 0 _tTURRIALBA (IICA)
_X0041-4360
_g(Oct-Dec 1957), v. 7 (4) p. 95-99
_wIICA0600453
909 _a202603
_bLúcia
_c55
_dLúcia Elande
942 _2IICA
_n0
_cANA
999 _c340704
_d340704